| 000 | 01084cam a22002654a 4500 | ||
|---|---|---|---|
| 001 | 12339243 | ||
| 005 | 20201124143053.0 | ||
| 008 | 010308s2002 nyua |rb 001 0 eng | ||
| 010 | _a 2001026003 | ||
| 020 | _a0471333727 (cloth : alk. paper) | ||
| 040 |
_aDLC _cDLC _dDLC |
||
| 042 | _apcc | ||
| 050 | 0 | 0 |
_aTK7871.85 _b.S9883 2002 |
| 082 | 0 | 0 |
_a621.38152 _222 _bSZE |
| 245 | 1 | 0 |
_aSemiconductor Devices, Physics and Technology / _cS.M. Sze. |
| 250 | _a2nd ed. | ||
| 260 |
_aNew York : _bWiley, 2002 _cc2002. |
||
| 300 |
_aviii, 564 p. : _bill. (some col.) ; _c26 cm. |
||
| 504 | _aIncludes bibliographical references and index. | ||
| 856 | 4 | 2 |
_3Contributor biographical information _uhttp://www.loc.gov/catdir/bios/wiley042/2001026003.html |
| 856 | 4 | 2 |
_3Publisher description _uhttp://www.loc.gov/catdir/description/wiley034/2001026003.html |
| 856 | 4 | 1 |
_3Table of contents _uhttp://www.loc.gov/catdir/toc/onix05/2001026003.html |
| 942 |
_2ddc _cBB |
||
| 999 |
_c11101 _d11101 |
||